00200nam a2200085Ia 4500008004100000041000800041100002100049245001300070260003100083241105s9999 xx 000 0 und d aeng aTembre Vaishnavi aHospital bBNCA B-Arch ID, Punec2016